01230nam a2200325Ia 4500001001200000003000800012006001900020007001500039008004100054010001700095020003000112020002700142040002100169035002100190050002300211082001400234100003000248245012300278246003300401260003200434300001600466500002000482533015200502650002200654650003700676655002900713710001700742856012600759999001900885ebr10370301CaPaEBRm u cr cn|||||||||090921s2010 nyu s 001 0 eng d z 2009037755 z9780814415252 (hardcover) z0814415253 (hardcover) aCaPaEBRcCaPaEBR a(OCoLC)56027043414aHD59b.D558 2010eb04a659.22221 aDilenschneider, Robert L.14aThe AMA handbook of public relationsh[electronic resource] /cRobert L. Dilenschneider ; foreword by Maria Bartiromo.30aHandbook of public relations aNew York :bAMACOM,cc2010. axii, 238 p. aIncludes index. aElectronic reproduction.bPalo Alto, Calif. :cebrary,d2010.nAvailable via World Wide Web.nAccess may be limited to ebrary affiliated libraries. 0aPublic relations. 0aPublic relationszUnited States. 7aElectronic books.2local2 aebrary, Inc.40uhttp://site.ebrary.com/lib/rucke/Doc?id=10370301zAn electronic book accessible through the World Wide Web; click to view c109629d109629